书目信息 |
| 题名: |
理解创业
|
|
| 作者: | 张玉利 , 张敬伟 编著 | |
| 分册: | ||
| 出版信息: | 北京 机械工业出版社 2021.06 |
|
| 页数: | 14, 277页 | |
| 开本: | 26cm | |
| 丛书名: | ||
| 单 册: | ||
| 中图分类: | F272.2 | |
| 科图分类: | ||
| 主题词: | 企业管理--qi ye guan li--创业 | |
| 电子资源: | ||
| ISBN: | 978-7-111-68247-9 | |
| 000 | 01436nam0 2200289 450 | |
| 001 | 202021044920 | |
| 005 | 20211025120153.0 | |
| 010 | @a978-7-111-68247-9@dCNY59.00 | |
| 100 | @a20211006d2021 em y0chiy50 ea | |
| 101 | 0 | @achi |
| 102 | @aCN@b110000 | |
| 105 | @aa a 000yy | |
| 106 | @ar | |
| 200 | 1 | @a理解创业@Ali jie chuang ye@e情境、思维与行动@d= Understanding entrepreneurship@esituation, thinking and action@f张玉利, 张敬伟等编著@zeng |
| 210 | @a北京@c机械工业出版社@d2021.06 | |
| 215 | @a14, 277页@c图@d26cm | |
| 300 | @a华章教育 | |
| 300 | @a国家自然科学基金重点项目 网络及不确定环境下创业者的行业认知与决策机制研究 国家自然科学基金面上项目 “连续变革”视域下的新企业适应: 创业者认知视角的理论与实证研究资助成查 | |
| 320 | @a有书目 | |
| 330 | @a本书以创业认知学派的基本理论逻辑为指引, 采用“创业情境—创业思维—创业行动”的理论框架, 对上述三个议题进行了解读和阐述, 形成了“创业情境”“创业思维”“创业行动”三个主题的原创文章集萃。本书希望通过解析创业情境, 进而剖析创业思维的独特性以及多样化的创业行动类型, 揭示创业行动背后的认知机制与情境诱因, 有助于丰富和发展创业学者、教育者和实践者对于创业的理解。 | |
| 510 | 1 | @aUnderstanding entrepreneurship@esituation, thinking and action@zeng |
| 606 | 0 | @a企业管理@Aqi ye guan li@x创业 |
| 690 | @aF272.2@v5 | |
| 701 | 0 | @a张玉利@Azhang yu li@4编著 |
| 701 | 0 | @a张敬伟@Azhang jing wei@4编著 |
| 801 | 0 | @aCN@c20210909 |
| 905 | @a河南城建学院图书馆@dF272.2@eZ233 | |
| 理解创业:情境、思维与行动= Understanding entrepreneurship:situation, thinking and action/张玉利, 张敬伟等编著.-北京:机械工业出版社,2021.06 |
| 14, 277页:图;26cm |
| 华章教育.-国家自然科学基金重点项目 网络及不确定环境下创业者的行业认知与决策机制研究 国家自然科学基金面上项目 “连续变革”视域下的新企业适应: 创业者认知视角的理论与实证研究资助成查 |
| ISBN 978-7-111-68247-9:CNY59.00 |
| 本书以创业认知学派的基本理论逻辑为指引, 采用“创业情境—创业思维—创业行动”的理论框架, 对上述三个议题进行了解读和阐述, 形成了“创业情境”“创业思维”“创业行动”三个主题的原创文章集萃。本书希望通过解析创业情境, 进而剖析创业思维的独特性以及多样化的创业行动类型, 揭示创业行动背后的认知机制与情境诱因, 有助于丰富和发展创业学者、教育者和实践者对于创业的理解。 |
| ● |
| 相关链接 |
|
|
|
正题名:理解创业
索取号:F272.2/Z233
 
预约/预借
| 序号 | 登录号 | 条形码 | 馆藏地/架位号 | 状态 | 备注 |
| 1 | 1544577 | 215445775 | 社科库409/409社科库 99排2列3层/ [索取号:F272.2/Z233] | 在馆 | |
| 2 | 1544578 | 215445784 | 社科库409/409社科库 87排4列4层/ [索取号:F272.2/Z233] | 在馆 |